000 00410nam a2200169 a 4500
001 0000-8984
003 ELIB.Books
008 110520 1961
035 _a(ELIB.Books)0000-9133
082 _a220.5
_bGra
100 _aGrant, Frederick C.
245 _aTranslating the Bible
260 _bEdinburgh: Nelson
_c1961
650 _aBible
942 _2ddc
_cBK
998 _cbat
_e2011-05-20
999 _c8984
_d8984